Daam-e-Lahoo / (Record no. 592059)
[ view plain ]
| 000 -LEADER | |
|---|---|
| fixed length control field | 00260nam a22001217a 4500 |
| 003 - CONTROL NUMBER IDENTIFIER | |
| control field | NUST |
| 082 ## - DEWEY DECIMAL CLASSIFICATION NUMBER | |
| Classification number | 823.891,REH |
| 100 ## - MAIN ENTRY--PERSONAL NAME | |
| Personal name | Rehan, Hafsa |
| 9 (RLIN) | 10108 |
| 245 ## - TITLE STATEMENT | |
| Title | Daam-e-Lahoo / |
| Remainder of title | Hafsa Rehan |
| 260 ## - PUBLICATION, DISTRIBUTION, ETC. | |
| Date of publication, distribution, etc. | 2018 |
| 650 ## - SUBJECT ADDED ENTRY--TOPICAL TERM | |
| Topical term or geographic name entry element | Urdu Literature |
| 942 ## - ADDED ENTRY ELEMENTS (KOHA) | |
| Source of classification or shelving scheme | |
| Koha item type | Book |
| Withdrawn status | Lost status | Source of classification or shelving scheme | Damaged status | Not for loan | Permanent Location | Current Location | Shelving location | Date acquired | Total Checkouts | Full call number | Barcode | Date last seen | Date last checked out | Price effective from | Koha item type | Public note |
|---|---|---|---|---|---|---|---|---|---|---|---|---|---|---|---|---|
| Military College of Signals (MCS) | Military College of Signals (MCS) | General Stacks | 10/27/2022 | 1 | 823.891,REH | MCS38022 | 11/15/2022 | 10/27/2022 | 10/27/2022 | Book | Almirha No 65, Shelf No 3 |
